Proposals for revised policies for HSE advice on development control around large-scale petrol storage sites (Record no. 106539)

MARC details
000 -LEADER
fixed length control field 01329cam a2200229 4500
001 - CONTROL NUMBER
control field L136906
008 - FIXED-LENGTH DATA ELEMENTS--GENERAL INFORMATION
fixed length control field 070301n2007 000 0 eng u
035 ## - SYSTEM CONTROL NUMBER
System control number (Sirsi) u136906
041 0# - LANGUAGE CODE
Language code of text/sound track or separate title eng
050 ## - LIBRARY OF CONGRESS CALL NUMBER
Classification number 711.1 $2 18
110 2# - MAIN ENTRY--CORPORATE NAME
Corporate name or jurisdiction name as entry element United Kingdom
Subordinate unit Health and Safety Executive
245 00 - TITLE STATEMENT
Title Proposals for revised policies for HSE advice on development control around large-scale petrol storage sites
Medium [electronic resource]
260 ## - PUBLICATION, DISTRIBUTION, ETC.
Place of publication, distribution, etc. London
Name of publisher, distributor, etc. HSE
Date of publication, distribution, etc. 2007
505 2# - FORMATTED CONTENTS NOTE
Formatted contents note Background - the LUP system around major hazard sites -- The Buncefield incident and its implications for land use planning -- The options -- Wider implications for other major hazard sites.
520 ## - SUMMARY, ETC.
Summary, etc. Describes the background to the land use planning system around major hazards sites and then considers the Buncefield incident and its implications for land use planning. Seeks consultation on whether the HSE's land use planning objectives and principles remain a sound basis for their advice.
590 ## - LOCAL NOTE (RLIN)
Local note KA
651 #4 - SUBJECT ADDED ENTRY--GEOGRAPHIC NAME
Geographic name GREAT BRITAIN
690 ## - LOCAL SUBJECT ADDED ENTRY--TOPICAL TERM (OCLC, RLIN)
Topical term or geographic name as entry element ENVIRONMENTAL AND LAND CONSULTANCY-PLANNING AND DEVELOPMENT-PLANNING GUIDANCE
690 ## - LOCAL SUBJECT ADDED ENTRY--TOPICAL TERM (OCLC, RLIN)
Topical term or geographic name as entry element MANAGEMENT-HEALTH AND SAFETY-HAZARDOUS SUBSTANCES
856 40 - ELECTRONIC LOCATION AND ACCESS
Uniform Resource Identifier <a href="https://www.hse.gov.uk/consult/condocs/cd211.htm">https://www.hse.gov.uk/consult/condocs/cd211.htm</a>
Public note View the consultation document free of charge at www.hse.gov.uk...
942 ## - ADDED ENTRY ELEMENTS (KOHA)
Suppress in OPAC 0
Holdings
Withdrawn status Lost status Source of classification or shelving scheme Damaged status Not for loan Home library Current library Shelving location Date acquired Total Checkouts Full call number Barcode Date last seen Copy number Price effective from Koha item type
    Dewey Decimal Classification     Virtual Virtual Online 01/03/2007   ONLINE PUBLICATION 136906-1001 06/08/2019 1 06/08/2019 Book